ห้องสมุด วิทยาลัยพยาบาลบรมราชชนนี อุดรธานี
Boromarajonani College of Nursing, Udonthani
เปลี่ยนเป็นภาษาไทย

Change to English
 แสดงรายละเอียดบรรณานุกรม
  กลับหน้าหลัก

Brief Record : Get Marc (ISO 2709) : E-mail record : QR code ปิดหน้าต่าง
หนังสืออ้างอิง : เกี่ยวกับ Collections
mysqli: Table './ulib2015/stat_globaluid' is marked as crashed and last (automatic?) repair failed
select id from stat_globaluid where statuid='20260418134116_3025' 
mysqli: Table './ulib2015/stat_globaluid' is marked as crashed and last (automatic?) repair failed
DELETE FROM stat_globaluid
			WHERE id NOT IN (
			  SELECT id
			  FROM (
				SELECT id
				FROM stat_globaluid
				ORDER BY id DESC
				LIMIT 100
			  ) foo
			); 
mysqli: Table './ulib2015/stat_globaluid' is marked as crashed and last (automatic?) repair failed
insert into stat_globaluid set
		statuid='20260418134116_3025',
		dt='1776494476',
		phpself='/ULIB/dublinfull.php',
		agent='Mozilla/5.0 AppleWebKit/537.36 (KHTML, like Gecko; compatible; ClaudeBot/1.0; +claudebot@anthropic.com)',
		yea='2026',
		mon='4',
		dat='18',
		ip='216.73.216.142'
		
		
LEADER 00674nam 2200229 a 4500
001    11732
003     ULIBM
008    190711s2533 th m a001 0 tha d
050  4 ^aWB320^bน638ท 2533
245 10 ^aทำอย่างไรให้หายเครียด/^cนิมิน ศัลยา
250    ^aพิมพ์ครั้งที่ 3.
260    ^aกรุงเทพฯ:^bอักษรสัมพันธ์,^c2533
300    ^a 200 หน้า.
650  7 ^aการบริหาร--หายเครียดทำอย่างไร
945    ^p0^l0^i6423
945    ^p0^l0^i6424
945    ^p0^l0^i6425
945    ^p0^l0^i6427
945    ^p0^l0^i6428
945    ^p0^l0^i6429
999     ^aลิขิตลักษณ์
รายการนี้ยังไม่มีแท็ก
คุณยังไม่ได้ล็อกอิน คุณสามารถมีกิจกรรมร่วมกับเว็บไซต์ได้ แต่ต้องล็อกอินก่อน ::
  ล็อกอิน
ลำดับที่ ประเภท เลขเรียก/บาร์โค้ด สถานที่ สถานะ
1. หนังสือการพยาบาล
หนังสือการพยาบาล
WB320 น638ท 2533  
  Barcode: 6423
หนังสือทั่วไป On Shelf
2. หนังสือการพยาบาล
หนังสือการพยาบาล
WB320 น638ท 2533 ฉ.2 
  Barcode: 6424
หนังสือทั่วไป On Shelf
3. หนังสือการพยาบาล
หนังสือการพยาบาล
WB320 น638ท 2533 ฉ.3 
  Barcode: 6425
หนังสือทั่วไป On Shelf
4. หนังสือการพยาบาล
หนังสือการพยาบาล
WB320 น638ท 2533 ฉ.5 
  Barcode: 6427
หนังสือทั่วไป On Shelf
5. หนังสือการพยาบาล
หนังสือการพยาบาล
WB320 น638ท 2533 ฉ.6 
  Barcode: 6428
หนังสือทั่วไป On Shelf
6. หนังสือการพยาบาล
หนังสือการพยาบาล
WB320 น638ท 2533 ฉ.7 
  Barcode: 6429
หนังสือทั่วไป On Shelf
   [แสดง 6/6 รายการ]

mysqli: Can't create/write to file '/var/tmp/#sql_59d_0.MAI' (Errcode: 2)
select * from index_db where titl like '%ทำอย่างไรให้หายเครียด/ นิมิน  ศัลยา%' and mid<>'11732'  order by rand() limit 3
mysqli: Can't create/write to file '/var/tmp/#sql_59d_0.MAI' (Errcode: 2)
select * from index_db where subj like '%การบริหาร--หายเครียดทำอย่างไร%' and mid<>'11732'  order by rand() limit 3

BibComment


ยังไม่เคยถูกคอมเมนท์

คอมเมนท์ทรัพยากรรายการนี้
  คอมเมนท์: ทำอย่างไรให้หายเ..
Bib 11732

 
 
 

 Union Library Management : ULibM
Copyright 2026. All Rights Reserved.